Papa Roach Discography Quiz - Statistics

General Stats
  • This quiz has been taken 46 times
    21 since last reset
  • The average score is 6 of 11
Answer Stats
Year Album % Correct
2000 Infest
84%
2017 Crooked Teeth
74%
2015 F.E.A.R.
74%
2004 Getting Away with Murder
63%
2019 Who Do You Trust?
63%
2012 The Connection
53%
2022 Ego Trip
47%
2002 Lovehatetragedy
42%
2009 Metamorphosis
37%
2006 The Paramour Sessions
21%
1997 Old Friends from Young Years
16%
No matching quizzes found
Score Distribution
Percent of People with Each Score
Percentile by Number Answered
Your Score History
You have not taken this quiz since the last reset